[Event "Sparkassen-Open A"]
[Site "Heusenstamm, Martinsee"]
[Date "2016.11.27"]
[Round "3.65"]
[White "Schimmer, Michael"]
[Black "Trumpp, Lothar"]
[Result "1-0"]
[WhiteElo "1815"]
[BlackElo "2020"]
[PlyCount "143"]
[EventDate "2016.??.??"]
[WhiteTeam "SC Frankfurt-West"]
[BlackTeam "VSG Offenbach"]

1. e4 Nc6 2. Nf3 Nf6 3. Nc3 e5 4. d4 d6 5. Bc4 Be7 6. dxe5 Nxe5 7. Nxe5 dxe5 8.
Qxd8+ Bxd8 9. O-O c6 10. a4 O-O 11. h3 h6 12. Be3 Re8 13. Rfd1 Be7 14. f3 Nh5
15. Ne2 Nf6 16. Kh2 Nh7 17. Bf2 g6 18. Bg3 Bc5 19. Rd3 Nf8 20. Rad1 Be6 21.
Bxe6 Rxe6 22. Rd8 Rxd8 23. Rxd8 f5 24. exf5 gxf5 25. Nc1 e4 26. fxe4 fxe4 27.
Ne2 Kf7 28. Bf4 h5 29. g4 Ng6 30. Kg2 hxg4 31. hxg4 Nxf4+ 32. Nxf4 Rf6 33. Nh3
Ke7 34. Rd1 Rg6 35. g5 Rg8 36. Kg3 Ke6 37. Nf4+ Kf5 38. Nh3 Rh8 39. Rf1+ Ke5
40. Kg4 Be7 41. Rf5+ Kd4 42. Nf4 Rg8 43. Kh5 Ke3 44. Ng2+ Ke2 45. Re5 Bd8 46.
Kg4 Kf2 47. Nf4 e3 48. c3 Bc7 49. Nh3+ Ke2 50. Re6 Kd2 51. Ng1 Bb6 52. g6 Kc2
53. Kf5 Kxb2 54. Kf6 Rf8+ 55. Ke7 Rf1 56. Ne2 Bc5+ 57. Kd7 Rf2 58. Ng3 Rg2 59.
Nf5 e2 60. g7 Kxc3 61. Rxe2 Rg5 62. Re8 Kb4 63. g8=Q Rxg8 64. Rxg8 Kxa4 65. Kc7
b5 66. Kxc6 Bb6 67. Nd6 b4 68. Rg4 Ka3 69. Nc4+ Ka2 70. Nxb6 a5 71. Kb5 b3 72.
Nc4 1-0

[Event "Sparkassen-Open A"]
[Site "Heusenstamm, Martinsee"]
[Date "2016.11.27"]
[Round "3.66"]
[White "Kalepky, Helmut"]
[Black "Fey, Karl-Heinz"]
[Result "1-0"]
[WhiteElo "2019"]
[BlackElo "1277"]
[PlyCount "49"]
[EventDate "2016.??.??"]
[WhiteTeam "SF Heidesheim"]
[BlackTeam "SC Haßloch"]

1. d4 Nf6 2. c4 e6 3. Nc3 Bb4 4. f3 O-O 5. e3 Bxc3+ 6. bxc3 a5 7. Bd3 b6 8. e4
Nh5 9. Nh3 Qh4+ 10. Nf2 f5 11. g3 Qe7 12. Qe2 Bb7 13. O-O Na6 14. exf5 Kh8 15.
f4 Nf6 16. Re1 Rae8 17. fxe6 dxe6 18. c5 Qf7 19. Bxa6 Bxa6 20. Qxa6 Ra8 21. Qc4
Nd5 22. Bd2 Qh5 23. Qe2 Rae8 24. Qxh5 Rf5 25. Qxf5 1-0

[Event "Sparkassen-Open A"]
[Site "Heusenstamm, Martinsee"]
[Date "2016.11.27"]
[Round "3.67"]
[White "Papadopoulos, Ioannis"]
[Black "Martin, Reiner"]
[Result "1-0"]
[WhiteElo "1755"]
[BlackElo "2014"]
[PlyCount "85"]
[EventDate "2016.??.??"]
[WhiteTeam "SV Oberursel"]
[BlackTeam "SC Bad Soden"]

1. e4 c5 2. Nf3 e6 3. d4 cxd4 4. Nxd4 Nc6 5. Nc3 Qc7 6. Be3 a6 7. Qd2 Nf6 8. f3
b5 9. g4 Bb7 10. O-O-O Rc8 11. g5 Nh5 12. Ndxb5 axb5 13. Nxb5 Qd8 14. Bb6 Qe7
15. Qe3 d5 16. exd5 Nb4 17. dxe6 Nxc2 18. exf7+ Kxf7 19. Qb3+ Qe6 20. Rd7+ Be7
21. Nd6+ Kf8 22. Qxe6 Nd4+ 23. Qc4 Rxc4+ 24. Nxc4 Bxg5+ 25. Kb1 Bxf3 26. Bxd4
Bxh1 27. Be2 Be4+ 28. Ka1 Nf6 29. Rd8+ Ne8 30. Bc5+ Be7 31. Nd6 Bc6 32. Nxe8
Bxe8 33. Bb5 Kf7 34. Bxe8+ Rxe8 35. Rxe8 Kxe8 36. Bxe7 Kxe7 37. b4 g5 38. Kb2
g4 39. Kc2 h5 40. Kd3 h4 41. Ke3 Kd6 42. Kf4 g3 43. Kf3 1-0

[Event "Sparkassen-Open A"]
[Site "Heusenstamm, Martinsee"]
[Date "2016.11.27"]
[Round "3.68"]
[White "Karthik, Thrish"]
[Black "Will, Jens"]
[Result "0-1"]
[WhiteElo "1689"]
[BlackElo "2011"]
[PlyCount "86"]
[EventDate "2016.??.??"]
[WhiteTeam "vereinslos"]
[BlackTeam "SK Gernsheim"]

1. e4 e5 2. Nf3 Nc6 3. Bb5 g6 4. O-O Bg7 5. c3 d6 6. d4 Bd7 7. Re1 Nge7 8. d5
Nb8 9. Bxd7+ Nxd7 10. c4 O-O 11. Nc3 h6 12. b4 f5 13. Nd2 Rf7 14. Ba3 Bf8 15.
Rc1 f4 16. f3 g5 17. c5 Nc8 18. cxd6 Bxd6 19. Nc4 Nf6 20. Nb5 Ne8 21. Na5 Rb8
22. Kh1 Qd7 23. Nxd6 cxd6 24. Bb2 Nb6 25. Qb3 Kf8 26. Nc4 Nxc4 27. Rxc4 Rc8 28.
Rec1 Rxc4 29. Rxc4 Qb5 30. a4 Qb6 31. Rc2 Rc7 32. Rxc7 Qxc7 33. h3 Ke7 34. Bc3
h5 35. b5 Qc5 36. Qb4 b6 37. Qxc5 bxc5 38. a5 Kd7 39. Kg1 Kc7 40. Kf1 Kb7 41.
Ke2 Nc7 42. b6 axb6 43. Kd3 b5 0-1

[Event "Sparkassen-Open A"]
[Site "Heusenstamm, Martinsee"]
[Date "2016.11.27"]
[Round "3.69"]
[White "Köllner, Christof"]
[Black "Kail, Sindy"]
[Result "1-0"]
[WhiteElo "2138"]
[BlackElo "1848"]
[PlyCount "73"]
[EventDate "2016.??.??"]
[WhiteTeam "SV Bergneustadt/Derschlag"]
[BlackTeam "SK Klingenberg"]

1. d4 d5 2. Nc3 Nf6 3. Bf4 e6 4. Nb5 Na6 5. e3 c6 6. Nc3 b6 7. Nf3 Nh5 8. Bg5
Qc7 9. Ne5 Nf6 10. Nxc6 Nd7 11. Ne5 Nxe5 12. dxe5 Nc5 13. Bf4 a6 14. Qg4 Bb7
15. h4 b5 16. a3 Nd7 17. Bg3 Nxe5 18. Qd4 f6 19. h5 Bd6 20. Be2 Rc8 21. Qh4 Nc4
22. Bxc4 Bxg3 23. Bxb5+ axb5 24. Qxg3 e5 25. O-O O-O 26. Rfd1 Rfd8 27. Qg4 Qc6
28. f3 d4 29. exd4 Qb6 30. Kh1 exd4 31. Ne2 Rxc2 32. Nxd4 Rxb2 33. Ne6 Rxd1+
34. Rxd1 Kf7 35. Qxg7+ Kxe6 36. Qd7+ Ke5 37. Re1+ 1-0

[Event "Sparkassen-Open A"]
[Site "Heusenstamm, Martinsee"]
[Date "2016.11.27"]
[Round "3.70"]
[White "Mährlein, Christoph"]
[Black "Schubert, Wolfgang"]
[Result "1-0"]
[WhiteElo "2074"]
[BlackElo "1845"]
[PlyCount "141"]
[EventDate "2016.??.??"]
[WhiteTeam "SC Pforzheim"]
[BlackTeam "Wiesbadener SV"]

1. c4 c6 2. e4 d5 3. exd5 cxd5 4. cxd5 Qxd5 5. Nc3 Qd8 6. Bc4 e6 7. d4 Nf6 8.
Nf3 Be7 9. O-O O-O 10. Qe2 Re8 11. Rd1 a6 12. Bb3 Nc6 13. d5 exd5 14. Nxd5 Bd6
15. Nxf6+ gxf6 16. Be3 Qe7 17. Qd3 Bc7 18. Bc2 f5 19. Bg5 Qf8 20. Qd2 Qg7 21.
Ba4 Be6 22. Rac1 Rac8 23. Bxc6 bxc6 24. b3 Bd5 25. Nh4 f6 26. Bf4 Qg4 27. Bxc7
Rxc7 28. g3 Rg7 29. Qh6 f4 30. Rd4 Qe6 31. Rxd5 Qxd5 32. Qxf4 Rge7 33. Ng2 Re6
34. Ne3 Qg5 35. Qc4 Kh8 36. Qc3 h5 37. h4 Qg6 38. Ng2 Qf5 39. Nf4 Rd6 40. Qf3
Qg4 41. Kg2 Kh7 42. Qc3 Rg8 43. Qb4 Rgd8 44. Rxc6 Qd7 45. Rc5 Rd4 46. Qc3 Qb7+
47. Qf3 Qxf3+ 48. Kxf3 Rd2 49. Rxh5+ Kg8 50. Ra5 R8d6 51. g4 Rc2 52. Nd5 Rb2
53. h5 Kf7 54. Kg3 Rc6 55. Ne3 Rd2 56. Rf5 Kg7 57. Ra5 Re6 58. Rc5 Rd7 59. Nf5+
Kh7 60. Rc8 Rf7 61. Nh4 Rd7 62. Ng6 Rd3+ 63. f3 Red6 64. Rc7+ Kg8 65. Re7 Rd7
66. Re8+ Kg7 67. Re6 R3d6 68. Re4 Rd4 69. Re8 Rd8 70. Re7+ Kg8 71. h6 1-0

[Event "Sparkassen-Open A"]
[Site "Heusenstamm, Martinsee"]
[Date "2016.11.27"]
[Round "3.71"]
[White "Reinhold, Günther"]
[Black "Hentzgen, Thomas"]
[Result "1/2-1/2"]
[WhiteElo "1834"]
[BlackElo "2042"]
[PlyCount "64"]
[EventDate "2016.??.??"]
[WhiteTeam "Frankfurter TV"]
[BlackTeam "USV Halle"]

1. e4 c5 2. Be2 Nc6 3. f4 g6 4. Nf3 Bg7 5. d3 d6 6. O-O Qb6 7. c3 Nf6 8. Kh1 c4
9. Na3 cxd3 10. Bxd3 Bg4 11. h3 Bxf3 12. Qxf3 Nd7 13. Nc4 Qc7 14. Ne3 Nc5 15.
Nd5 Qd7 16. Bc2 O-O-O 17. a3 e6 18. Nb4 Na5 19. Be3 Nc4 20. Rab1 Kb8 21. Rfd1
Nxe3 22. Qxe3 Qc7 23. Rd2 Bf6 24. Rbd1 Rhg8 25. e5 Be7 26. Nd3 Nxd3 27. Rxd3
dxe5 28. Rxd8+ Rxd8 29. Rxd8+ Bxd8 30. fxe5 Qb6 31. Qxb6 Bxb6 32. Ba4 Bc7
1/2-1/2

[Event "Sparkassen-Open A"]
[Site "Heusenstamm, Martinsee"]
[Date "2016.11.27"]
[Round "3.72"]
[White "Diez, Gerhard"]
[Black "Blank, Stefan"]
[Result "1-0"]
[WhiteElo "2016"]
[BlackElo "1828"]
[PlyCount "75"]
[EventDate "2016.??.??"]
[WhiteTeam "SC Bad Nauheim"]
[BlackTeam "SC Sulzbach"]

1. e4 c5 2. Nf3 d6 3. d4 cxd4 4. Nxd4 Nc6 5. c4 Nf6 6. Nc3 g6 7. Nc2 Bg7 8. Be2
O-O 9. O-O Bd7 10. Bd2 Rc8 11. b4 Ne5 12. Ne3 Be6 13. Qb3 Nc6 14. Qa4 Nd4 15.
Bd3 a6 16. Rac1 Nd7 17. Ne2 Nc6 18. Nf4 Nb6 19. Qd1 Bd7 20. c5 dxc5 21. bxc5
Na8 22. Qb3 Ne5 23. Rfd1 Nxd3 24. Nxd3 Bc6 25. e5 e6 26. Bc3 Qh4 27. Nb4 Bh6
28. Nxc6 bxc6 29. Rd4 Qe7 30. Ba5 Nc7 31. Bxc7 Qxc7 32. Rd6 Rb8 33. Qc3 Rfc8
34. Rcd1 Qa7 35. Ng4 Bf8 36. Rd7 Qxc5 37. Qf3 f5 38. Nf6+ 1-0

[Event "Sparkassen-Open A"]
[Site "Heusenstamm, Martinsee"]
[Date "2016.11.27"]
[Round "3.73"]
[White "Flach, Helene"]
[Black "Kolker, Vladislav"]
[Result "1/2-1/2"]
[WhiteElo "1820"]
[BlackElo "2007"]
[PlyCount "77"]
[EventDate "2016.??.??"]
[WhiteTeam "SK Langen"]
[BlackTeam "SC Bad Nauheim"]

1. e4 e5 2. Nf3 Nc6 3. Bc4 Nf6 4. d3 Be7 5. Nc3 d6 6. h3 Na5 7. Bb3 Nxb3 8.
axb3 O-O 9. O-O a6 10. d4 exd4 11. Nxd4 Bd7 12. Qf3 g6 13. Qd3 c5 14. Nde2 Bc6
15. Nf4 Re8 16. Ncd5 Bf8 17. Nxf6+ Qxf6 18. Nd5 Bxd5 19. Qxd5 Rab8 20. Qd3 Qe5
21. f3 Bg7 22. c3 Qg3 23. Qd5 Re6 24. Bd2 Qh4 25. Rad1 Qe7 26. Bf4 Rd8 27. Bh2
Be5 28. f4 Bf6 29. Rfe1 Re8 30. f5 gxf5 31. Qxf5 Be5 32. Rd3 Kh8 33. Rde3 d5
34. Rf1 Bxh2+ 35. Kxh2 Rxe4 36. Rxe4 dxe4 37. Qxf7 Qxf7 38. Rxf7 Kg8 39. Rf1
1/2-1/2

[Event "Sparkassen-Open A"]
[Site "Heusenstamm, Martinsee"]
[Date "2016.11.27"]
[Round "3.74"]
[White "Rettig, Helge"]
[Black "Bachmann, Nick"]
[Result "1-0"]
[WhiteElo "2004"]
[BlackElo "1803"]
[PlyCount "67"]
[EventDate "2016.??.??"]
[WhiteTeam "SF Verl"]
[BlackTeam "SG Wächtersbach"]

1. d4 e6 2. c4 d5 3. Nc3 Nf6 4. cxd5 exd5 5. Bg5 Nbd7 6. e3 Be7 7. Bd3 O-O 8.
Qc2 c6 9. Nf3 Re8 10. O-O Nf8 11. Rab1 Ne4 12. Bxe7 Qxe7 13. Bxe4 dxe4 14. Nd2
Bf5 15. b4 a6 16. Rfc1 Ne6 17. Na4 f6 18. Nf1 Nxd4 19. exd4 e3 20. Qe2 exf2+
21. Qxf2 Bxb1 22. Rxb1 a5 23. bxa5 Rxa5 24. Nc5 b5 25. Rb2 Raa8 26. Qf3 Qd6 27.
Nb3 Re6 28. Rf2 Ra7 29. Nc5 Re8 30. Ne4 Rxe4 31. Qxe4 Re7 32. Qf4 Qe6 33. h3
Ra7 34. Qb8+ 1-0

[Event "Sparkassen-Open A"]
[Site "Heusenstamm, Martinsee"]
[Date "2016.11.27"]
[Round "3.75"]
[White "Reinecke, Katharina"]
[Black "Niebergall, Gerhard"]
[Result "1/2-1/2"]
[WhiteElo "1804"]
[BlackElo "2001"]
[PlyCount "45"]
[EventDate "2016.??.??"]
[WhiteTeam "SK Langen"]
[BlackTeam "SC Heitersheim"]

1. d4 d5 2. c4 Nc6 3. cxd5 Qxd5 4. e3 e5 5. Nc3 Bb4 6. a3 Bxc3+ 7. bxc3 Nf6 8.
c4 Qd8 9. d5 Ne7 10. Bb2 Ng6 11. Qa4+ Bd7 12. Qb4 b6 13. Nf3 e4 14. Nd2 a5 15.
Qb3 O-O 16. g3 Re8 17. Bg2 Bf5 18. O-O Ne5 19. Rfd1 Nd3 20. Bd4 Qe7 21. Nxe4
Bxe4 22. Bxe4 Nxf2 23. Bxh7+ 1/2-1/2

[Event "Sparkassen-Open A"]
[Site "Heusenstamm, Martinsee"]
[Date "2016.11.27"]
[Round "3.76"]
[White "Binner, Peter"]
[Black "Schindelmeiser, Frank"]
[Result "1/2-1/2"]
[WhiteElo "1802"]
[BlackElo "1981"]
[PlyCount "67"]
[EventDate "2016.??.??"]
[WhiteTeam "Vorw.Orient Mainz"]
[BlackTeam "SV Oberursel"]

1. c4 c5 2. Nc3 g6 3. g3 Bg7 4. Bg2 Nc6 5. Nf3 e5 6. d3 Nge7 7. O-O O-O 8. e3
d6 9. a3 h6 10. Rb1 f5 11. Qc2 a5 12. b3 Be6 13. Bb2 Qd7 14. Nb5 Na7 15. Nxa7
Rxa7 16. d4 e4 17. d5 Bf7 18. Nd2 b5 19. f3 exf3 20. Bxf3 a4 21. Bxg7 Kxg7 22.
e4 axb3 23. Rxb3 bxc4 24. Qxc4 Ra4 25. Qc3+ Kg8 26. Nc4 fxe4 27. Bxe4 Ra6 28.
Qd3 Rfa8 29. Nb6 Qa7 30. Qf3 Rf8 31. Nc4 Qa8 32. Qf6 Nxd5 33. Qf3 Be6 34. Qg2
1/2-1/2

[Event "Sparkassen-Open A"]
[Site "Heusenstamm, Martinsee"]
[Date "2016.11.27"]
[Round "3.77"]
[White "Marchese, Gaspare"]
[Black "Rapp, Matthias"]
[Result "1/2-1/2"]
[WhiteElo "1933"]
[BlackElo "1746"]
[PlyCount "120"]
[EventDate "2016.??.??"]
[WhiteTeam "SC Matt im Park"]
[BlackTeam "SF Mainz"]

1. e4 c5 2. d4 cxd4 3. c3 d3 4. Bxd3 Nc6 5. Nf3 d6 6. h3 g6 7. Be3 Bg7 8. O-O
Nf6 9. Qe2 O-O 10. Nbd2 Nd7 11. Rad1 Nde5 12. Bb1 Qa5 13. Nxe5 Nxe5 14. f4 Nc6
15. Nf3 Be6 16. Ng5 Bc8 17. Qf2 h6 18. Nf3 f5 19. Nh4 fxe4 20. Nxg6 Rf6 21.
Bxe4 Be6 22. a3 Bf7 23. Nh4 Bc4 24. Bd3 Bxd3 25. Rxd3 Raf8 26. Qc2 Qh5 27. Nf3
Kh8 28. Rd2 e5 29. Rdf2 exf4 30. Bd4 Nxd4 31. Nxd4 Qc5 32. Qe4 d5 33. Qd3 R8f7
34. Kh1 Bf8 35. Rf3 Bd6 36. Re1 Qc8 37. Qb5 Rf8 38. Qxd5 Bc5 39. Qe4 Qd7 40.
Qe5 Bd6 41. Qh5 Bb8 42. Qc5 Bc7 43. Re7 Bd6 44. Rxd7 Bxc5 45. Rxb7 Rg8 46. b4
Bb6 47. Re7 Bxd4 48. cxd4 Rc8 49. Re4 Rcf8 50. d5 Kg7 51. Rc3 Rd8 52. Rd4 Kg6
53. Kg1 Kf5 54. Rc5 Ke5 55. Rd1 Rdd6 56. Kf2 Rg6 57. Re1+ Kd4 58. Rd1+ Ke5 59.
Rc7 Rg3 60. Rxa7 Rdg6 1/2-1/2

[Event "Sparkassen-Open A"]
[Site "Heusenstamm, Martinsee"]
[Date "2016.11.27"]
[Round "3.78"]
[White "Modric, Vladimir"]
[Black "Traut, Stefan"]
[Result "1-0"]
[WhiteElo "1928"]
[BlackElo "1738"]
[PlyCount "127"]
[EventDate "2016.??.??"]
[WhiteTeam "SC Nied"]
[BlackTeam "SF Heusenstamm"]

1. d4 Nf6 2. Nf3 c5 3. e3 e6 4. Bd3 d5 5. c3 Be7 6. Nbd2 O-O 7. O-O b6 8. dxc5
bxc5 9. e4 c4 10. Bc2 dxe4 11. Nxe4 Bb7 12. Qe2 Qc7 13. Nxf6+ Bxf6 14. Ng5 Bxg5
15. Bxg5 Nd7 16. Rfe1 g6 17. Rad1 Rfe8 18. Ba4 Nb6 19. Bxe8 Rxe8 20. Qe5 Qxe5
21. Rxe5 Bd5 22. Rb1 Nd7 23. Re2 Rb8 24. b4 cxb3 25. axb3 Rxb3 26. Rxb3 Bxb3
27. Rd2 Nb6 28. Rb2 Bd5 29. Be3 Nc4 30. Rb8+ Kg7 31. Bxa7 Kf6 32. f3 h5 33. h4
Kf5 34. Kf2 e5 35. Rb5 Be6 36. g3 Kf6 37. Bb8 Kf5 38. Bxe5 Nxe5 39. f4 f6 40.
fxe5 fxe5 41. Ke3 Bc4 42. Rc5 Bf1 43. Rc6 Bg2 44. Rb6 Bd5 45. Rd6 Bc4 46. Rc6
Bd5 47. Rc8 Be6 48. Rf8+ Kg4 49. Kf2 Bc4 50. Rf6 Bd3 51. Rd6 Bf5 52. c4 Kh3 53.
c5 e4 54. c6 e3+ 55. Kxe3 Kxg3 56. Rd4 Bc8 57. c7 Bf5 58. Rf4 Bd7 59. Ke4 Bc6+
60. Ke5 Bb7 61. Rb4 Bc8 62. Kd6 Bf5 63. Ke7 Bc8 64. Kd8 1-0

[Event "Sparkassen-Open A"]
[Site "Heusenstamm, Martinsee"]
[Date "2016.11.27"]
[Round "3.79"]
[White "Wilk, David"]
[Black "Thomele, Michael"]
[Result "0-1"]
[WhiteElo "1661"]
[BlackElo "1928"]
[PlyCount "85"]
[EventDate "2016.??.??"]
[WhiteTeam "SF Mainz"]
[BlackTeam "SC Obernau"]

1. e4 c5 2. Nc3 d6 3. g3 Nc6 4. Bg2 Nf6 5. Nge2 g6 6. d3 Bg7 7. Bd2 O-O 8. Qc1
Re8 9. O-O Rb8 10. Rb1 Bd7 11. a3 Nd4 12. Be3 Ng4 13. h3 Nxe3 14. fxe3 Nc6 15.
Nd1 b5 16. c3 a5 17. d4 Qc8 18. Nf2 b4 19. Kh2 Qa6 20. Re1 Rbc8 21. Qd2 Qb6 22.
Nd3 Rcd8 23. Nef4 Qa7 24. axb4 axb4 25. e5 dxe5 26. Ra1 Qc7 27. Nd5 Qd6 28. Nb6
bxc3 29. bxc3 exd4 30. exd4 cxd4 31. cxd4 Bxd4 32. Nxd7 Bxa1 33. N7c5 Bg7 34.
Qa2 Rb8 35. Bd5 e6 36. Bc4 Nb4 37. Nxb4 Rxb4 38. Nd3 Rbb8 39. Rf1 Rf8 40. Rf2
Ra8 41. Qe2 Ra1 42. Qf3 Qd4 43. Bxe6 0-1

[Event "Sparkassen-Open A"]
[Site "Heusenstamm, Martinsee"]
[Date "2016.11.27"]
[Round "3.80"]
[White "Sauer, Bernd"]
[Black "Wagner, Günter"]
[Result "1-0"]
[WhiteElo "1834"]
[BlackElo "1725"]
[PlyCount "129"]
[EventDate "2016.??.??"]
[WhiteTeam "SF Katernberg"]
[BlackTeam "SV Groß-Gerau"]

1. d4 Nf6 2. c4 c5 3. d5 g6 4. Nc3 Bg7 5. e4 d6 6. f4 O-O 7. Be2 Na6 8. Nf3 Rb8
9. O-O Nc7 10. e5 Nfe8 11. h3 a6 12. a4 b6 13. Be3 Bd7 14. Qd2 b5 15. axb5 axb5
16. b3 b4 17. Ne4 Ra8 18. g4 f5 19. Nf2 fxg4 20. hxg4 Rxa1 21. Rxa1 Qc8 22. g5
Bg4 23. Kg2 Bxf3+ 24. Bxf3 dxe5 25. Bxc5 e4 26. Bg4 Qb7 27. Ra7 Qb8 28. Nxe4
Nd6 29. Nxd6 exd6 30. Bd4 Rf7 31. Ra1 Qf8 32. Bxg7 Qxg7 33. Re1 Qc3 34. Qxc3
bxc3 35. Kg3 Rf8 36. Rc1 Re8 37. Rxc3 Re1 38. Kf2 Rb1 39. Re3 Kf8 40. Bc8 Rb2+
41. Kf3 Rb1 42. Kg4 Ne8 43. Kf3 Rf1+ 44. Ke4 Ng7 45. Rf3 Re1+ 46. Kd4 Re8 47.
Bg4 Re1 48. b4 Rg1 49. Bh3 Rb1 50. b5 Ne8 51. Kc3 Nc7 52. Rf1 Nxb5+ 53. cxb5
Rxb5 54. Be6 Ra5 55. Rb1 Ra3+ 56. Rb3 Ra4 57. Rb4 Ra3+ 58. Kc4 Rf3 59. Kb5 Ke7
60. Rc4 Rb3+ 61. Kc6 Ra3 62. Bc8 Rb3 63. Re4+ Kd8 64. Ba6 Rb8 65. Bb7 1-0

[Event "Sparkassen-Open A"]
[Site "Heusenstamm, Martinsee"]
[Date "2016.11.27"]
[Round "3.81"]
[White "Lesny, Florian"]
[Black "Diener, Carolin Valeria"]
[Result "1-0"]
[WhiteElo "1889"]
[BlackElo "1699"]
[PlyCount "63"]
[EventDate "2016.??.??"]
[WhiteTeam "SK Niederbrechen"]
[BlackTeam "SK Bad Homburg"]

1. e4 e5 2. Nf3 Nc6 3. Bc4 Bc5 4. O-O Nf6 5. d3 h6 6. c3 O-O 7. Bb3 d6 8. Nbd2
Bb6 9. h3 Re8 10. Re1 a6 11. Nf1 d5 12. Qe2 Qd6 13. Ng3 Ba7 14. Nh4 dxe4 15.
dxe4 Ne7 16. Be3 Bxe3 17. Qxe3 b6 18. Rad1 Qc6 19. Qf3 Bb7 20. Ngf5 Nxf5 21.
Nxf5 Bc8 22. Kh1 Bxf5 23. Qxf5 Qc5 24. Kg1 Red8 25. Qg6 Qf8 26. Kh2 c6 27. a4
Ra7 28. Qf5 Re8 29. Rd3 Qe7 30. Red1 g6 31. Qxg6+ Kf8 32. Qxh6+ 1-0

[Event "Sparkassen-Open A"]
[Site "Heusenstamm, Martinsee"]
[Date "2016.11.27"]
[Round "3.82"]
[White "Rubina, Tatiana"]
[Black "Köllner, Felicitas Ophelia"]
[Result "1-0"]
[WhiteElo "1875"]
[BlackElo "1670"]
[PlyCount "97"]
[EventDate "2016.??.??"]
[WhiteTeam "SK Mannheim"]
[BlackTeam "SV Bergneustadt/Derschlag"]

1. e4 d6 2. d4 Nf6 3. Nc3 e5 4. Nf3 exd4 5. Nxd4 Be7 6. f3 O-O 7. Be3 Bd7 8.
Qd2 Nc6 9. O-O-O Nxd4 10. Bxd4 a6 11. g4 b5 12. h4 c5 13. Bxf6 Bxf6 14. g5 Bxc3
15. Qxc3 Qe7 16. Qd2 Be6 17. Qxd6 Qxd6 18. Rxd6 Rfd8 19. Rxd8+ Rxd8 20. Be2 Kf8
21. a3 Ke7 22. f4 Bc8 23. Bf3 a5 24. Rd1 Rxd1+ 25. Kxd1 Bd7 26. c3 Kd6 27. Kd2
Be6 28. b4 cxb4 29. cxb4 axb4 30. axb4 Bd7 31. Ke3 Kc7 32. Kd4 Kb6 33. f5 g6
34. Ke5 Kc7 35. h5 Be8 36. fxg6 fxg6 37. h6 Kd8 38. Kf6 Bd7 39. e5 Bf5 40. e6
Bxe6 41. Kxe6 Kc7 42. Be4 Kb6 43. Bxg6 hxg6 44. h7 Kc7 45. h8=Q Kb7 46. Qg7+
Kb8 47. Kd6 Ka8 48. Kc6 Kb8 49. Qb7# 1-0

[Event "Sparkassen-Open A"]
[Site "Heusenstamm, Martinsee"]
[Date "2016.11.27"]
[Round "3.83"]
[White "Lehmann, Tim"]
[Black "Bethke, Richard"]
[Result "0-1"]
[WhiteElo "1703"]
[BlackElo "2104"]
[PlyCount "68"]
[EventDate "2016.??.??"]
[WhiteTeam "SV Lahn Limburg"]
[BlackTeam "SC Gelnhausen"]

1. d4 d5 2. Bf4 Bf5 3. e3 Nf6 4. Nf3 h6 5. Bd3 Bxd3 6. cxd3 e6 7. Nc3 c6 8. O-O
Nbd7 9. h3 Be7 10. Re1 Nf8 11. e4 Ng6 12. Bh2 O-O 13. Ne5 Nxe5 14. dxe5 Nd7 15.
exd5 cxd5 16. a3 Rc8 17. f4 Qb6+ 18. d4 Qxb2 19. Na4 Qc2 20. Qxc2 Rxc2 21. f5
b5 22. f6 gxf6 23. exf6 Bxf6 24. Nc5 Bxd4+ 25. Kh1 Nxc5 26. Rad1 Bg7 27. Bd6
Rd8 28. Be7 Rd7 29. Bh4 d4 30. Rb1 a6 31. a4 Nxa4 32. Rec1 Rxc1+ 33. Rxc1 d3
34. Rc8+ Kh7 0-1

[Event "Sparkassen-Open A"]
[Site "Heusenstamm, Martinsee"]
[Date "2016.11.27"]
[Round "3.84"]
[White "Skarke, Harald"]
[Black "Fröhlich-Dill, Astrid"]
[Result "1-0"]
[WhiteElo "2013"]
[BlackElo "1827"]
[PlyCount "73"]
[EventDate "2016.??.??"]
[WhiteTeam "SF Neuberg"]
[BlackTeam "SV Hofheim"]

1. e4 e6 2. d4 b6 3. Bd3 Bb7 4. Nf3 Nf6 5. Qe2 Be7 6. O-O O-O 7. c4 d5 8. e5
dxc4 9. Bxc4 Nd5 10. Nc3 Nc6 11. Rd1 Na5 12. Bd3 Rc8 13. Ne4 Nb4 14. Bb1 Ba6
15. Qe1 h6 16. Ng3 Qd7 17. Qe4 f5 18. exf6 Bxf6 19. Qh7+ Kf7 20. Bxh6 Ke8 21.
Bg5 Bxg5 22. Qh5+ Kd8 23. Qxg5+ Qe7 24. Qg4 Bb7 25. Ne5 Qf6 26. f3 Nd5 27. Re1
Nf4 28. Ne4 Qh6 29. Ng5 Ke7 30. Be4 Rf6 31. Bxb7 Nxb7 32. g3 Rh8 33. h4 Nd5 34.
Nef7 Qh5 35. Nxh8 Qxh8 36. Rxe6+ Kd8 37. Qe4 1-0

[Event "Sparkassen-Open A"]
[Site "Heusenstamm, Martinsee"]
[Date "2016.11.27"]
[Round "3.85"]
[White "Paeslack, Luis"]
[Black "Blübaum, Johanna"]
[Result "0-1"]
[WhiteElo "1796"]
[BlackElo "1974"]
[PlyCount "84"]
[EventDate "2016.??.??"]
[WhiteTeam "SK Mainaschaff"]
[BlackTeam "SV Königsspringer Lemgo"]

1. d4 d5 2. c4 Nf6 3. Nc3 e6 4. cxd5 exd5 5. Bg5 Be7 6. h3 c6 7. Qc2 Nbd7 8.
Nf3 h6 9. Bf4 Nf8 10. e3 Ne6 11. Bh2 Bd7 12. Rb1 O-O 13. b4 a5 14. a3 axb4 15.
axb4 Qb6 16. Na4 Bxb4+ 17. Kd1 Qa5 18. Nb2 c5 19. Bd3 c4 20. Bxc4 dxc4 21. Nxc4
Ba4 22. Nxa5 Bxc2+ 23. Kxc2 Rfc8+ 24. Nc4 Rxc4+ 25. Kb3 b5 26. Ra1 Rxa1 27.
Rxa1 Bf8 28. Ne5 Rb4+ 29. Kc2 Ne4 30. f3 Nd6 31. Nd3 Rc4+ 32. Kd2 Nf5 33. Ra2
b4 34. g4 Nh4 35. Ne5 b3 36. Rb2 Bb4+ 37. Kd3 Rc3+ 38. Ke4 f6 39. Nd7 Ng5+ 40.
Kd5 Nhxf3 41. Bd6 Bxd6 42. Kxd6 Rxe3 0-1

[Event "Sparkassen-Open A"]
[Site "Heusenstamm, Martinsee"]
[Date "2016.11.27"]
[Round "3.86"]
[White "Falkenhainer, Sven"]
[Black "Rudolph, Lukas"]
[Result "0-1"]
[WhiteElo "1781"]
[BlackElo "1874"]
[PlyCount "80"]
[EventDate "2016.??.??"]
[WhiteTeam "SC Bergen-Enkheim"]
[BlackTeam "SK Niederbrechen"]

1. e4 d5 2. exd5 Qxd5 3. Nc3 Qa5 4. g3 c6 5. Bg2 Bf5 6. Nf3 Nf6 7. O-O e6 8. d3
Be7 9. Bd2 Qd8 10. a3 O-O 11. Qc1 Nd5 12. Nxd5 cxd5 13. Bc3 Nc6 14. Nd4 Nxd4
15. Bxd4 Rc8 16. Qd1 Bf6 17. Bxf6 Qxf6 18. c3 Qd8 19. d4 Qb6 20. Qd2 Qb3 21. f3
b5 22. Rf2 a5 23. h4 h6 24. Rc1 Rc7 25. Bf1 b4 26. cxb4 Rxc1 27. Qxc1 axb4 28.
g4 Bh7 29. axb4 Qxb4 30. Qc5 Qb8 31. Rg2 Rc8 32. Qe7 Qf4 33. b4 Qxd4+ 34. Rf2
Rb8 35. b5 Bd3 36. Bxd3 Qxd3 37. g5 h5 38. b6 Qb1+ 39. Kh2 Qxb6 40. Rg2 Qb4 0-1

[Event "Sparkassen-Open A"]
[Site "Heusenstamm, Martinsee"]
[Date "2016.11.27"]
[Round "3.87"]
[White "Budde, Michael"]
[Black "Bunjaku, Lulzim"]
[Result "1/2-1/2"]
[WhiteElo "1954"]
[BlackElo "1788"]
[PlyCount "106"]
[EventDate "2016.??.??"]
[WhiteTeam "SC Flörsheim"]
[BlackTeam "SC Heusenstamm"]

1. d4 f5 2. Nf3 Nf6 3. Bf4 e6 4. e3 c5 5. c3 cxd4 6. exd4 Nc6 7. Bd3 Be7 8. O-O
O-O 9. h3 a6 10. Nbd2 d5 11. Ne5 Ne4 12. Nxc6 bxc6 13. f3 Nf6 14. Re1 Bd6 15.
Be5 Qc7 16. Qe2 Nh5 17. c4 Bxe5 18. Qxe5 Qxe5 19. Rxe5 Bd7 20. Nb3 Rf6 21. Rae1
Rg6 22. Kf2 Rb8 23. cxd5 cxd5 24. Bxa6 Nf4 25. Bf1 Ba4 26. g3 Nh5 27. g4 Nf6
28. Nc5 Rxb2+ 29. R1e2 Rb4 30. Nxe6 fxg4 31. hxg4 Bd7 32. Nf4 Rxd4 33. Nxg6
hxg6 34. Ke3 Ra4 35. g5 d4+ 36. Kf2 Nh5 37. Rd2 Bf5 38. Bb5 Ra8 39. a4 d3 40.
Bc4+ Kh7 41. a5 Rc8 42. Bxd3 Rd8 43. Ke3 Rf8 44. a6 Bxd3 45. Rxd3 Ra8 46. Ra5
Ng3 47. a7 Nf5+ 48. Kf4 Ne7 49. Ra6 Nc8 50. Rd7 Nxa7 51. Raxa7 Rf8+ 52. Kg4 Kh8
53. Rxg7 Rf4+ 1/2-1/2

[Event "Sparkassen-Open A"]
[Site "Heusenstamm, Martinsee"]
[Date "2016.11.27"]
[Round "3.88"]
[White "Kulenovic, Adnan"]
[Black "Donecker, Stefan"]
[Result "1-0"]
[WhiteElo "1941"]
[BlackElo "1788"]
[PlyCount "89"]
[EventDate "2016.??.??"]
[WhiteTeam "SV Kinzigtal"]
[BlackTeam "TuS Dotzheim"]

1. a3 g6 2. c4 Bg7 3. Nc3 e5 4. d3 Ne7 5. e4 O-O 6. g3 d6 7. Bg2 c6 8. Nge2 Na6
9. Bg5 Be6 10. O-O f6 11. Be3 Qd7 12. Re1 b5 13. cxb5 cxb5 14. d4 Nc7 15. d5
Bf7 16. Rc1 Rfb8 17. Qc2 Rb7 18. b4 a5 19. Qb2 a4 20. Nb1 Be8 21. Rc3 Rc8 22.
Rec1 Na8 23. R1c2 Rbc7 24. Bf1 h5 25. Qc1 Kh7 26. Rxc7 Rxc7 27. Rxc7 Nxc7 28.
Bb6 Na8 29. Ba5 Bh6 30. Qc2 Qg4 31. Nec3 h4 32. Nxb5 Bxb5 33. Bxb5 f5 34. Be2
Qxe4 35. Qxe4 fxe4 36. Bc4 hxg3 37. hxg3 e3 38. Nc3 exf2+ 39. Kxf2 Bc1 40. Nxa4
Bxa3 41. Kf3 Nc8 42. Ba6 Na7 43. Bb7 Bxb4 44. Bxb4 Nc7 45. Bxd6 1-0